Contemporary studies in philosophical idealism / (Record no. 29381)
[ view plain ]
| 000 -LEADER | |
|---|---|
| fixed length control field | 01909cam a2200337 i 4500 |
| 001 - CONTROL NUMBER | |
| control field | 1262130 |
| 003 - CONTROL NUMBER IDENTIFIER | |
| control field | ARRUPE |
| 005 - DATE AND TIME OF LATEST TRANSACTION | |
| control field | 20170731152234.0 |
| 008 - FIXED-LENGTH DATA ELEMENTS--GENERAL INFORMATION | |
| fixed length control field | 750515s1975 mau b 001 0 eng |
| 010 ## - LIBRARY OF CONGRESS CONTROL NUMBER | |
| LC control number | 74029474 |
| 020 ## - INTERNATIONAL STANDARD BOOK NUMBER | |
| International Standard Book Number | 0890076014 : |
| Terms of availability | $15.00 |
| 040 ## - CATALOGING SOURCE | |
| Original cataloging agency | DLC |
| Transcribing agency | DLC |
| Modifying agency | DLC |
| 050 00 - LIBRARY OF CONGRESS CALL NUMBER | |
| Classification number | B823 |
| Item number | .C66 |
| 082 00 - DEWEY DECIMAL CLASSIFICATION NUMBER | |
| Classification number | 141 |
| 300 ## - PHYSICAL DESCRIPTION | |
| Dimensions | 22 cm. |
| 245 00 - TITLE STATEMENT | |
| Title | Contemporary studies in philosophical idealism / |
| Statement of responsibility, etc | edited by John Howie and Thomas O. Buford. |
| 260 ## - PUBLICATION, DISTRIBUTION, ETC. (IMPRINT) | |
| Place of publication, distribution, etc | Cape Cod [i.e. West Dennis] Mass. : |
| Name of publisher, distributor, etc | C. Stark, |
| Date of publication, distribution, etc | c1975. |
| 300 ## - PHYSICAL DESCRIPTION | |
| Extent | xiii, 290 p. ; |
| 500 ## - GENERAL NOTE | |
| General note | Essays published in honor of P. A. Bertocci. |
| 500 ## - GENERAL NOTE | |
| General note | Includes index. |
| 504 ## - BIBLIOGRAPHY, ETC. NOTE | |
| Bibliography, etc | "Bibliography of Peter Anthony Bertocci": p. 263-282. |
| 505 0# - FORMATTED CONTENTS NOTE | |
| Formatted contents note | Reck, A. J. Idealism in American philosophy since 1900.--Rouner, L. S. The surveyor as hero.--Hocking, R. The personal dialectic of the impersonal.--Harris, E. E. Science and objectivity.--Hartshorne, C. Whitehead and Leibniz.--Lavely, J. H. Faith and knowledge.--Findlay, J. N. The rationality of mysticism.--Lewis, H. D. The belief in life after death.--Pittenger, W. N. Towards an understanding of the self.--Howie, J. The riddles of behaviorism.--Beck R. N. Will.--Smith J. E. Creativity in Royce's philosophical idealism.--Muelder, W. G. Personal and cultural autonomy in "Third World" ideologies of development.--Buford, T. O. The Socratic teacher and the modern university.--Millard, R. M. Vocation reconsidered.--Howie, J. Bibliography of Peter Anthony Bertocci. |
| 600 10 - SUBJECT ADDED ENTRY--PERSONAL NAME | |
| Personal name | Bertocci, Peter Anthony. |
| 9 (RLIN) | 34000 |
| 600 10 - SUBJECT ADDED ENTRY--PERSONAL NAME | |
| Personal name | Bertocci, Peter Anthony |
| General subdivision | Bibliography. |
| 9 (RLIN) | 34001 |
| 650 #0 - SUBJECT ADDED ENTRY--TOPICAL TERM | |
| Topical term or geographic name as entry element | Idealism. |
| 9 (RLIN) | 34002 |
| 650 #0 - SUBJECT ADDED ENTRY--TOPICAL TERM | |
| Topical term or geographic name as entry element | Religion |
| General subdivision | Philosophy. |
| 9 (RLIN) | 34003 |
| 700 1# - ADDED ENTRY--PERSONAL NAME | |
| Personal name | Howie, John. |
| 9 (RLIN) | 34004 |
| 700 1# - ADDED ENTRY--PERSONAL NAME | |
| Personal name | Buford, Thomas O., |
| Dates associated with a name | 1932- |
| 9 (RLIN) | 34005 |
| 700 1# - ADDED ENTRY--PERSONAL NAME | |
| Personal name | Bertocci, Peter Anthony. |
| 9 (RLIN) | 34000 |
| 906 ## - LOCAL DATA ELEMENT F, LDF (RLIN) | |
| a | 7 |
| b | cbc |
| c | orignew |
| d | 1 |
| e | ocip |
| f | 19 |
| g | y-gencatlg |
| 942 ## - ADDED ENTRY ELEMENTS (KOHA) | |
| Source of classification or shelving scheme | Library of Congress Classification |
| Koha item type | Monograph ( Printed materials) |
| Withdrawn status | Lost status | Source of classification or shelving scheme | Damaged status | Not for loan | Collection code | Home library | Current library | Shelving location | Date acquired | Total Checkouts | Full call number | Barcode | Date last seen | Date checked out | Copy number | Price effective from | Koha item type |
|---|---|---|---|---|---|---|---|---|---|---|---|---|---|---|---|---|---|
| Library of Congress Classification | Main Collection | ARRUPE LIBRARY | ARRUPE LIBRARY | 04/03/2013 | 1 | B823.C66 1975 | 46003007456 | 27/02/2014 | 26/02/2014 | 1 | 04/03/2013 | Monograph ( Printed materials) |